| 000 | 01277nam a22003737a 4500 | ||
|---|---|---|---|
| 003 | CHAP | ||
| 005 | 20220329140335.0 | ||
| 008 | 971013s1987 r 00010 d | ||
| 010 | _a50658 | ||
| 011 | _a51630 | ||
| 035 | _a55780 | ||
| 040 | _cCHAP | ||
| 090 | _aFolleto 11762 | ||
| 100 | 0 | 0 |
_aRodríguez Fuentes, Humberto. _998492 |
| 245 | _aInstructivo para muestras de suelo, plantas y agua con fines evolutivos | ||
| 260 |
_aMarín, N. L. : _bEl autor, _c1987 |
||
| 300 |
_a14 p. _b: ilus. |
||
| 490 |
_aFolleto de recomendación _v; 2 |
||
| 590 |
_aBATCH-UPD _b10 _c20130110 _lUCH01 _h0053 |
||
| 590 |
_aBATCH-UPD _b10 _c20130110 _lUCH01 _h1239 |
||
| 590 |
_aBATCH-UPD _b10 _c20130409 _lUCH01 _h2041 |
||
| 590 |
_aBATCH-UPD _b10 _c20130410 _lUCH01 _h0806 |
||
| 590 |
_aBATCH-UPD _b10 _c20130913 _lUCH01 _h2242 |
||
| 590 |
_aCONVERSION _b10 _c20130109 _lUCH01 _h1327 |
||
| 650 | 1 | 4 |
_aAgua _xAnálisis. _92280 |
| 650 | 1 | 4 |
_aQuímica vegetal. _993602 |
| 650 | 1 | 4 |
_aSuelos _xAnálisis. _9110204 |
| 830 | 0 |
_aFolleto de recomendación _v; 2 _942044 |
|
| 901 | _aBK | ||
| 942 | _cFOLL | ||
| 949 |
_aFolleto 11762 _bBC _cFOLL _d-122214 _eTS1 _i55780 _si |
||
| 949 |
_aFolleto 11762 _bBC _cFOLL _d-122215 _eTS2 _fc.2 _i55780 _si |
||
| 949 |
_aFolleto 11762 _bBC _cFOLL _d-122216 _eTS2 _fc.3 _i55780 _si |
||
| 999 |
_c50658 _d50658 |
||